[Event "FRA-chT poule basse"]
[Site "France"]
[Date "2003.05.09"]
[Round "9.1"]
[White "Movsesian, Sergei"]
[Black "David, Alberto"]
[Result "1-0"]
[WhiteElo "2659"]
[BlackElo "2548"]
[Annotator "Movsesian,S"]
[PlyCount "59"]
[EventDate "2003.05.07"]
[EventType "team"]
[EventRounds "4"]
[EventCountry "FRA"]
[SourceTitle "CBM 095"]
[Source "ChessBase"]
[SourceDate "2003.07.25"]
[SourceVersion "1"]
[SourceVersionDate "2003.07.25"]
[SourceQuality "1"]
[WhiteTeam "Vandoeuvre"]
[BlackTeam "Drancy"]
[WhiteTeamCountry "FRA"]
[BlackTeamCountry "FRA"]

1. e4 c5 2. Nc3 Nc6 3. Nge2 g6 4. d4 cxd4 5. Nxd4 Bg7 6. Be3 Nf6 7. Bc4 O-O 8.
Bb3 d6 9. f3 Bd7 10. Qd2 Nxd4 11. Bxd4 b5 12. a3 a5 13. h4 h5 14. Rd1 $5 {
An interesting novelty. White is not trying to win by direct attack on king's
side, but first increases the pressure in centre.} (14. g4 $6 e5 $1 15. Be3 b4
$13 {Gadjily-Pigusov, Dubai 2001}) 14... e6 (14... Bc6 $5) 15. Be3 Ne8 16. Bg5
Qb6 17. Be3 ({But not} 17. Be7 b4 18. axb4 a4 $1 {with smothering initiative})
17... Qc7 (17... Qd8 $5 {looks strange, but maybe d8 is the best place for a
queen.}) 18. Bd4 Bxd4 19. Qxd4 Rb8 20. Ne2 $1 {An important move, which allows
white to keep advantage.} b4 (20... a4 21. Ba2 Qxc2 $4 22. Rc1 $18) 21. a4 Rb6
{Here my opponent already had a serious time problems.} 22. g4 Ng7 23. e5 Bc6 (
23... d5 24. Rg1 {and white has a strong attack}) 24. exd6 Qb8 25. Rd3 Rd8 26.
gxh5 $6 {Underestimating black's counterchances.} (26. Rg1 $5 {looked better})
26... Bxf3 27. h6 Nf5 $2 {A very natural move, especially in a serious
time-trouble.Unfortunately for black this move is just losing by force.} ({
Much stronger was} 27... Nh5 $1 {and now it's white, who has to be careful} 28.
h7+ (28. Rxf3 Rbxd6 29. h7+ Kxh7 30. Rxf7+ Kg8 $19) 28... Kxh7 29. Rf1 Rbxd6
30. Qe3 Rxd3 31. cxd3 Bxe2 32. Rxf7+ Ng7 33. Qxe2 $13) 28. Qf6 $1 Rbxd6 (28...
Bxh1 29. Bxe6 fxe6 30. Rg3 $1 Rb7 31. Qxe6+ {and white is winning}) 29. Bxe6 $1
Nxh6 (29... fxe6 30. Qxg6+ Kh8 31. Qf6+ Kh7 32. Rg1 {with mate}) 30. Qxg6+ 1-0

[Event "Norway Chess 5th"]
[Site "Stavanger"]
[Date "2017.06.14"]
[Round "7"]
[White "Vachier Lagrave, Maxime"]
[Black "Giri, Anish"]
[Result "0-1"]
[WhiteElo "2796"]
[BlackElo "2771"]
[Annotator "Quintiliano,R"]
[PlyCount "66"]
[EventDate "2017.06.06"]
[EventType "tourn"]
[EventRounds "9"]
[EventCountry "NOR"]
[EventCategory "22"]
[SourceTitle "CBM 179"]
[Source "ChessBase"]
[SourceDate "2017.07.12"]
[SourceVersion "1"]
[SourceVersionDate "2017.07.12"]
[SourceQuality "1"]

1. e4 c5 2. Nf3 Nc6 3. Nc3 g6 $1 {Giri was clearly trying to play differently
from usual in Stavanger, and despite a sad loss to Kramnik in the last round,
and the 50% score, his games were very interesting and combative. If my
research is correct, in this game he played the Accelerated Dragon (in
classical games) for the first time in no less than 9 years! Surely this was a
big surprise to Vachier-Lagrave, as well to the entire chess world watching.}
4. d4 cxd4 5. Nxd4 Bg7 6. Be3 Nf6 7. Bc4 O-O 8. Bb3 d6 ({Exactly 1 month
before this game, against Gelfand, MVL faced} 8... d5 $5 {and failed to get
any advantage} 9. exd5 Na5 10. Qd2 Nxb3 11. Nxb3 b5 $1 {Gelfand came very well
prepared to explore Black's counter-chances} 12. Nxb5 Qxd5 13. Qxd5 Nxd5 14.
Bd4 Rb8 (14... Nb4 {was the move that Gelfand played two days earlier against..
. Giri!} 15. O-O-O Nxa2+ 16. Kb1 Nb4 17. Bxg7 Kxg7 18. Rhe1 Bf5 19. N3d4 Kf6
20. Nxf5 gxf5 21. Rd4 a5 $11 {Giri,A (2785)-Gelfand,B (2724) Moscow FIDE GP
2017 (1) 1/2}) 15. Bxg7 Kxg7 16. Na3 Nb4 17. O-O-O Nxa2+ 18. Kb1 Nb4 $11 {
Vachier Lagrave,M (2795)-Gelfand,B (2724) Moscow FIDE GP 2017 (3) 1/2}) 9. f3
Bd7 10. Qd2 Nxd4 (10... Rc8 {would have transposed to pure Dragon positions.})
11. Bxd4 b5 12. a4 (12. h4 {is the most played and MVL played it in his
previous encounter against this variation} a5 13. a4 (13. h5 {is more
aggressive, but Black is not going to be mated} a4 14. Bd5 (14. Bxf6 exf6 $1 {
[%csl Gh6] It is important to keep control of h6} 15. Bd5 b4 $1 16. Ne2 Rc8 $1
{transposing to 14.Bxf6}) 14... b4 15. Bxf6 exf6 16. Ne2 Rc8 17. hxg6 hxg6 18.
g4 {[%cal Ye2f4,Yd2h2] White has plans to transfer his queen to the kingside
and starts a dangerous attack, but now} Be6 $1 19. Bxe6 fxe6 20. Nf4 Re8 21.
Nxg6 Qc7 $44 {Vavulin,M (2604)-Mamedov,R (2688) Moscow Aeroflot op-A 16th 2017
(4) 0-1 and Black is very active taking the initiative for the first time;
actually he won a nice game -}) 13... bxa4 ({I'm not sure if Giri was going to
play} 13... b4 $5 {[%csl Ya5] because a difference is that the a5-square is
not available to his queen now}) 14. Nxa4 h5 15. Nb6 Ra6 16. Nxd7 Nxd7 17. Bxg7
Kxg7 18. Bc4 Ra8 19. Qd4+ {Vachier Lagrave,M (2795)-Radjabov,T (2710) Moscow
FIDE GP 2017 (7) 1/2 and an early draw was agreed -}) 12... b4 $1 {This move
will probably become the most popular after this game - we must admit that
this is more in the spirit of Dragon positions.} (12... bxa4 {is how I was
used to see Black to play here, but it always seemed slightly better for White,
due to his better pawn structure} 13. Bxa4 Bxa4 14. Rxa4 $14) 13. Nd5 Nxd5 14.
Bxg7 $1 {Usually, this exchange is good to put the black king on a more
exposed square - although this allows another defensive idea for Black also.}
Kxg7 15. exd5 {[%csl Gd5,Ye7] Also, usually White recaptures with exd5, thus
fixing the e7-pawn as a potential target, as moves like e6 or e5 will lead to
the creation of more weaknesses.} (15. Bxd5 Rc8 {and White is not exerting any
pressure here.}) 15... Qb6 {I like this move, just developing the queen and
taking away the d4-square, which is useful for White to gain a tempo with
check some time.} (15... a5 16. Qd4+ Kg8 17. h4 (17. O-O $5) 17... e5 18. dxe6
Bxe6 19. O-O-O Bxb3 20. cxb3 $14 {[%cal Yc1b1,Yb1a2] seems always to leave
White with an easier game, hiding his king on a2, with possibilities to play
against the weak d6-pawn, and create threats against the black king}) (15...
Qa5 16. O-O $5 {an interesting approach, focussing on the e7-pawn instead of
an attack on the kingside} Qc5+ 17. Kh1 a5 18. Rae1 Rae8 19. Re4 e5 {more or
less forced, as Rfe1 was coming} 20. dxe6 Bxe6 21. Rfe1 Bd7 {Karjakin,S (2775)
-Radjabov,T (2793) Beijing Sportaccord blitz 2012 (3) 1-0} 22. Re7 Bc6 23. h3 {
and Black is ok, but again in practice it seems like White has the easier game.
}) 16. h4 h5 ({During the game I was wondering if} 16... h6 {could be better,
to control more squares and avoid the tense positions that arise when White
plays g4, but after} 17. O-O-O Qa5 18. h5 g5 19. Qd4+ Kg8 20. f4 $1 g4 (20...
f6 21. Qe4 {[%cal Ge4g6,Ge4e7]}) 21. f5 $1 $40 {Kokarev,D (2623)-Kovalenko,I 
(2595) RUS Cup final 2012 (1.1) 1-0 White is even coming faster, with a
winning attack already -}) 17. O-O-O Qa5 {[%csl Ga4] And there it is, Black is
winning the a4-pawn by force.} 18. g4 {The most principled reaction.} (18. Qd4+
{it is also interesting, trying to improve the queen before to launch the
attack} Kg8 19. g4 Bxa4 20. Bxa4 (20. Kb1 Bxb3 21. cxb3 Qc5 $1 {gaining time
to launch the counter-attack on the queenside} 22. Qe4 a5 23. gxh5 a4 24. Rhg1
axb3 25. hxg6 {Soumya,S (2271)-Bollengier,A (2253) Istanbul ol (Women) 40th
2012 (11.4) 1-0} Rac8 $3 {such a cold-blooded move is difficult to find with
everything attacking you on the opposite side} 26. gxf7+ (26. Rc1 Qa7 $1) 26...
Kh8 27. Qd4+ Qxd4 28. Rxd4 Rxf7 $11) 20... Qxa4 21. Kb1 (21. gxh5 Rac8 22. Rh2
Qa1+ 23. Kd2 Qa2 $13 {[%cal Yc8c5]}) 21... Rac8 22. b3 Qd7 23. gxh5 Qf5 $1 24.
Rd3 Qxh5 25. Qxb4 Rc5 {Kulaots,K (2575)-Braeuning,R (2348) Cappelle op 26th
2010 (5) 1/2 and Black is fine -}) 18... Bxa4 19. Kb1 $146 {This is the new
move, but don't seems a good one, as Black can organise his defences, which
Giri does very well.} (19. Qd4+ {would transpose to the lines analysed in the
previous move} Kg8 20. Bxa4 (20. Kb1)) 19... Bxb3 20. cxb3 Rh8 $1 {The
difference is that now this move comes to consolidate Black's position on the
kingside.} 21. Rc1 $6 {White is already thinking about playing with the
positional compensation for the pawn, and this is not wrong, but probably Giri
breathed a sigh of relief now} ({However, it was interesting to test Black's
position in the old Sicilian style} 21. f4 $1 hxg4 (21... e5 {is the computer
choice, but seems difficult to spot} 22. dxe6 hxg4 23. Qd4+ Kh7 24. exf7 Qf5+
$1 25. Ka2 Qa5+ 26. Kb1 Qf5+ $11) 22. f5 $1 Rh5 {necessary to stop h5} (22...
gxf5 23. Qg5+ Kf8 24. h5 $1 {can be dangerous}) 23. Qd4+ (23. fxg6 fxg6 24.
Rhg1 Rf8 25. Rxg4 Rf6) 23... Kh6 $1 24. fxg6 e5 $1 {in my opinion a difficult
move to see, but after this Black should be able to hold the attack} 25. Qxg4 (
25. dxe6 Qf5+ {is the point, now the queen can join the defence}) 25... f5 $1
26. Qh3 Qb5 $13 {and the position is very complicated.}) 21... Rae8 $1 {
a very good move, as now the rook is supporting the e5-ideas} 22. Rc6 (22. Qd4+
{for example} e5 $1 23. dxe6+ Qe5 24. Qxe5+ dxe5 25. exf7 Kxf7 $11) (22. Rc4 e5
$1 23. Rc6 Qd8 24. g5 a5 $15) 22... Qb5 {[%cal Ya7a5,Ya5a4] After protecting
the important points in his position, Giri starts to think about counterplay
on queenside.} 23. Rc7 $6 {Strangely, from now Vachier-Lagrave started to play
some unsound moves, which only helped Giri to stabilise his advantage.} (23.
Qd4+ {first} Kg8 {and then} 24. g5 {looks better, to disturb Black's pieces a
bit} Qe2 (24... a5 25. Re1 Kh7 26. Qc4 $5 Qxc4 27. bxc4 $44 {[%csl Ge7][%cal
Yc6c7,Yc6a6,Gb1c2,Gc2b3]}) 25. Rc7 $1 Qxf3 26. Re1 {and White's active
position should at least compensate for the pawns; actually he is going to
recover one of them by force.}) 23... a5 24. g5 $2 {And after this, Black can
always answer the check with ...Kh7, without disturbing the connection between
the rooks.} (24. Qd4+ Kg8 25. g5 Qe2 26. Qd1 $5 {still had offered chances.})
24... a4 $1 {After succesfully containing White's attack, Giri now starts his
own operations against his rival's monarch.} 25. Qd4+ {Too late...} Kh7 26.
bxa4 Qxa4 27. Re1 Rhf8 $1 {Another accurate and necessary move.} 28. Ra7 (28.
Rexe7 Rxe7 29. Rxe7 Kg8 {[%cal Yf8a8,Yf8c8] and Black is totally free now to
attack White's king} 30. Re4 Rc8 $17 {any experienced player knows how
desperate is White's position in a practical game.}) 28... Qb5 29. f4 Kg8 $19 {
Black is just winning as White cannot prevent the black rooks from invading on
the queenside.} 30. f5 {The last attempt to open some lines, but.} gxf5 $1 31.
Kc2 (31. g6 fxg6 32. Rexe7 (32. Re6 Rf6 $1) 32... Rxe7 33. Rxe7 Rf7 $19) 31...
b3+ 32. Kd1 Rc8 33. g6 Rc5 {A good win for Giri, which showed good points
about this 12... b4 variation.} 0-1